English Football Teams Tile Select Quiz - Statistics

General Stats
  • This quiz has been taken 15 times
  • The average score is 45 of 76
Answer Stats
Question Tile Select % Correct
English teams that have won the Champions League/European Cup... Chelsea Yes
100%
English teams that have won the Champions League/European Cup... Manchester City Yes
100%
English teams that have won the Champions League/European Cup... Derby County No
93%
English teams that have won the Champions League/European Cup... Liverpool Yes
93%
English teams that have won the Champions League/European Cup... Manchester United Yes
93%
English teams that have won the Champions League/European Cup... Nottingham Forest Yes
93%
Stadiums currently used by a Premier League team... Anfield Yes
86%
English teams that have won the Champions League/European Cup... Everton No
86%
English teams that have won the Champions League/European Cup... Leeds United No
86%
Stadiums currently used by a Premier League team... Old Trafford Yes
86%
Stadiums currently used by a Premier League team... Stamford Bridge Yes
86%
English teams that have won the Champions League/European Cup... Tottenham Hotspur No
86%
English teams that have won the Champions League/European Cup... Wolverhampton Wanderers No
86%
Teams that have played in the English Women's Super League since its inception in 2011... AFC Bournemouth No
79%
English teams that have won the Champions League/European Cup... Arsenal No
79%
Teams that have played in the English Women's Super League since its inception in 2011... Arsenal Yes
79%
Stadiums currently used by a Premier League team... Highbury No
79%
Stadiums currently used by a Premier League team... Roker Park No
79%
Teams that have played in the English Women's Super League since its inception in 2011... Watford No
79%
English teams that have won the Champions League/European Cup... Aston Villa Yes
71%
Teams that competed in the inaugural season of the Football League in 1888-89... Cambridge United No
71%
Stadiums currently used by a Premier League team... Craven Cottage Yes
71%
Teams that have played in the English Women's Super League since its inception in 2011... Durham No
71%
Stadiums currently used by a Premier League team... Elland Road Yes
71%
Teams that have played in the English Women's Super League since its inception in 2011... Ipswich Town No
71%
Stadiums currently used by a Premier League team... Upton Park No
71%
Teams that competed in the inaugural season of the Football League in 1888-89... Aston Villa Yes
64%
Teams to have been managed by Neil Warnock... Aston Villa No
64%
Teams that competed in the inaugural season of the Football League in 1888-89... Birmingham City No
64%
Teams to have been managed by Neil Warnock... Cardiff City Yes
64%
Teams that competed in the inaugural season of the Football League in 1888-89... Darwen No
64%
Teams to have been managed by Neil Warnock... Derby County No
64%
Teams to have been managed by Neil Warnock... Ipswich Town No
64%
Teams that have played in the English Women's Super League since its inception in 2011... Newcastle United No
64%
Teams that competed in the inaugural season of the Football League in 1888-89... Preston North End Yes
64%
Stadiums currently used by a Premier League team... Selhurst Park Yes
64%
Stadiums currently used by a Premier League team... Stadium of Light Yes
64%
Teams to have been managed by Neil Warnock... Wrexham No
64%
Teams to have been managed by Neil Warnock... Everton No
57%
Teams to have been managed by Neil Warnock... Fulham No
57%
Teams to have been managed by Neil Warnock... Gillingham No
57%
Stadiums currently used by a Premier League team... Goodison Park No
57%
Teams to have been managed by Neil Warnock... Queens Park Rangers Yes
57%
Teams to have been managed by Neil Warnock... Tranmere Rovers No
57%
Teams that have played in the English Women's Super League since its inception in 2011... West Ham United Yes
57%
Stadiums currently used by a Premier League team... White Hart Lane No
57%
Teams that competed in the inaugural season of the Football League in 1888-89... Blackburn Rovers Yes
50%
Teams that competed in the inaugural season of the Football League in 1888-89... Blackpool No
50%
Teams that have played in the English Women's Super League since its inception in 2011... Brighton & Hove Albion Yes
50%
Teams that have played in the English Women's Super League since its inception in 2011... Charlton Athletic No
50%
Teams to have been managed by Neil Warnock... Crystal Palace Yes
50%
Teams to have been managed by Neil Warnock... Huddersfield Town Yes
50%
Teams that competed in the inaugural season of the Football League in 1888-89... Leeds United No
50%
Teams that competed in the inaugural season of the Football League in 1888-89... Liverpool No
50%
Teams to have been managed by Neil Warnock... Sheffield United Yes
50%
Teams that competed in the inaugural season of the Football League in 1888-89... West Ham United No
50%
Teams that competed in the inaugural season of the Football League in 1888-89... Derby County Yes
43%
Teams that have played in the English Women's Super League since its inception in 2011... Doncaster Rovers Belles Yes
43%
Teams that competed in the inaugural season of the Football League in 1888-89... Everton Yes
43%
Teams that competed in the inaugural season of the Football League in 1888-89... Notts County Yes
43%
Teams to have been managed by Neil Warnock... Oldham Athletic Yes
43%
Teams to have been managed by Neil Warnock... Plymouth Argyle Yes
43%
Teams that competed in the inaugural season of the Football League in 1888-89... Stoke City Yes
43%
Teams to have been managed by Neil Warnock... Leeds United Yes
36%
Teams that competed in the inaugural season of the Football League in 1888-89... Sheffield Wednesday No
36%
Teams that competed in the inaugural season of the Football League in 1888-89... Wolverhampton Wanderers Yes
36%
Teams that competed in the inaugural season of the Football League in 1888-89... Accrington Yes
29%
Teams that competed in the inaugural season of the Football League in 1888-89... Burnley Yes
29%
Teams to have been managed by Neil Warnock... Middlesbrough Yes
29%
Teams to have been managed by Neil Warnock... Notts County Yes
29%
Teams that have played in the English Women's Super League since its inception in 2011... Sunderland Yes
29%
Teams that competed in the inaugural season of the Football League in 1888-89... West Bromwich Albion Yes
29%
Teams that competed in the inaugural season of the Football League in 1888-89... Bolton Wanderers Yes
21%
Teams to have been managed by Neil Warnock... Burton Albion Yes
14%
Teams to have been managed by Neil Warnock... Rotherham United Yes
14%
Teams that have played in the English Women's Super League since its inception in 2011... Yeovil Town Yes
7%
No matching quizzes found
Score Distribution
Percent of People with Each Score
Percentile by Number Answered
Your Score History
You have not taken this quiz